000 00714nam a22002417a 4500
001 BR9507753
003 BR-BrBNA
005 20230928095113.0
007 ta
008 230509b bl.||||| |||| 00| 0 por d
040 _aBR-BrBNA
_bpor
_cBiblioteca Nacional de Agricultura
041 _a(Por)
072 _aD10
090 _ D10 BR9507753
110 1 _aInstituto de Pesquisas Economicas Aplicadas, Brasilia, DF (Brasil)
_96198
245 1 _aSubsidios para a reforma do estado.O novo pacto federativo. vol. 1
260 3 _aBrasilia, DF (Brasil):
_c1994.
300 _a122 p.
650 _aReforma Administrativa
650 _aPolitica Governamental
909 _a202309
_bLucia
_c55
_dLucia Elande
942 _cBK
999 _c54552
_d54552